History of magic and superstition / (Record no. 168928)

MARC details
000 -LEADER
fixed length control field 00635nam a2200193 4500
005 - DATE AND TIME OF LATEST TRANSACTION
control field 20191031154243.0
010 ## - LCCN (DPL NO)
LC control number ENG-126766
020 ## - INTERNATIONAL STANDARD BOOK NUMBER
International Standard Book Number 9789386807045
Terms of availability 795.00
035 ## - SYSTEM CONTROL NUMBER
System control number EN-110298
037 ## - SOURCE OF ACQUISITION
Source of stock number/acquisition DBAD/PUB
082 ## - DEWEY DECIMAL CLASSIFICATION NUMBER
Classification number 398.37
100 ## - MAIN ENTRY--PERSONAL NAME
Personal name Birendra Kumar Singh
245 ## - TITLE STATEMENT
Title History of magic and superstition /
Statement of responsibility, etc by Birendra Kumar Singh
260 ## - PUBLICATION, DISTRIBUTION, ETC. (IMPRINT)
Place of publication, distribution, etc Delhi
Name of publisher, distributor, etc Book Shores
Date of publication, distribution, etc 2018
270 ## - ADDRESS
Address B-16, Subhavana Niketan
City Pitampura, Delhi
Postal code 110034
Telephone number 23276863
Electronic mail address bookshoresdelhi@gmail.com
300 ## - PHYSICAL DESCRIPTION
Extent 184p.
Dimensions 24cm(Hb)
500 ## - GENERAL NOTE
General note Includes bibliographical references and index
942 ## - ADDED ENTRY ELEMENTS (KOHA)
Source of classification or shelving scheme Dewey Decimal Classification
Item type English Books
Classification part 398.37
Call number suffix BIR
Holdings
Withdrawn status Lost status Not for loan Collection code Home library Current library Date acquired Source of acquisition Cost, normal purchase price Full call number Barcode Copy number Cost, replacement price Koha item type
      Non-fiction Central Library Central Library 31/10/2019 DBAD/PUB 795.00 398.37 BIR EN-110298 1 795.00 English Books

© Delhi Public Library
Hit Counter
free hit counter